00372nam a2200133Ia 4500008004100000041001200041082002400053100002600077245003200103260004200135300001400177650002900191650001800220231221s9999 xx 000 0 und d aEnglish a641.50548 REE;1 R aReejhsinghani, Aroona 0aArt of south Indian cooking c1993bJaico Publishing House,aBombay axxvii+141 aHotel Management-Cookery asouth,cooking